| 000 | 00530nam a2200181 a 4500 | ||
|---|---|---|---|
| 005 | 20240924070402.0 | ||
| 008 | 991125s1971 es 000 0 spa u | ||
| 035 | _aUPN01000035450 | ||
| 049 | _aCG | ||
| 050 | 4 |
_aP121 _bL3.48 |
|
| 100 | 1 | _aLepschy, Giulio C. | |
| 245 | 1 | 3 |
_aLa lingüística estructural / _cGiulio C. Lepschy ; tr. Carlos Manzano. |
| 260 |
_aBarcelona, Esp. : _bAnagrama, _c1971. |
||
| 300 | _a238 p. | ||
| 440 | 0 |
_aArgumentos. _pEnsayo y ciencias humanas ; _v19 |
|
| 650 | 4 |
_aFilología _915443 |
|
| 905 | _aLibro | ||
| 999 |
_c35450 _d35450 |
||